| 000 | 00584nam a22001577a 4500 | ||
|---|---|---|---|
| 999 |
_c508581 _d508581 |
||
| 005 | 20190402122443.0 | ||
| 008 | 180809b ||||| |||| 00| 0 eng d | ||
| 040 | _c | ||
| 082 | _aA45:U61 1988/3 | ||
| 100 |
_aIndia. Ministry of Industry _9224 |
||
| 245 |
_aPublic enterprises survey: annual report on the working of industrial and commercial undertakings of the Central Government, 1988-89 _bby Ministry of Industry |
||
| 260 |
_aNew Delhi _bMinistry of Programme Implementation _c1989 |
||
| 300 | _a677p. | ||
| 500 | _aLibrary has 1975-76, 1988-89 and 1989-90 | ||
| 942 |
_2ddc _cGG |
||